000
00328nam a22001457a 4500
008
221019b ||||| |||| 00| 0 eng d
020
_a
9780826197900
041
_a
eng
080
_a
610.73
082
_a
610.73
100
_a
8
101
_a
INF
245
_a
PLANNING IMPLEMENTING AND EVALUATING
_c
DYKES P
942
_2
udc
_c
BK
999
_c
58605
_d
58605